| 000 | 00748nam a22002177a 4500 | ||
|---|---|---|---|
| 005 | 20170503093508.0 | ||
| 008 | 170503b mx ||||| |||| 00| 0 spa d | ||
| 020 | _a9789703248674 | ||
| 050 | 0 | 4 |
_aD16.8 _bO46 2007 |
| 100 | 1 |
_aO'Gorman, Edmundo, _d1906-1995 |
|
| 245 | 1 | 0 |
_aEnsayos de filosofía de la historia / _cO'Gorman, Edmundo, ; ed. Matute, Alvaro |
| 250 | _a1a ed. | ||
| 260 |
_aMéxico, D. F. : _bUniversidad Nacional Autónoma de México, _c2007. |
||
| 300 |
_a109 p. ; _c23 cm. |
||
| 490 |
_aSerie Teoría e historia de la historiografía, _v8. |
||
| 504 | _aIncluye índice | ||
| 650 | 4 |
_aFilosofía de la Historia _xEnsayos _zMéxico |
|
| 650 | 4 |
_aHistoria _xFilosofía |
|
| 700 | 1 |
_aMatute, Alvaro _eed |
|
| 942 |
_2lcc _cLIB |
||
| 999 |
_c132893 _d132893 |
||